Nelle Mie Mani

I tiakina i:
Ngā taipitopito rārangi puna kōrero
Kaituhi matua: P.Z.Malin H. Stein
Hōputu: Pukapuka
Reo:Undetermined
I whakaputaina: Edizione Cde
Ngā Tūtohu: Tāpirihia he Tūtohu
Kāore He Tūtohu, Me noho koe te mea tuatahi ki te tūtohu i tēnei pūkete!

MARC

LEADER 00000nam a2200000Ia 4500
001 R-326
003 CODICE-MESSINA
005 20260212102450.0
008 260211s9999 xx 000 0 und d
040 |c importazione_messina 
100 |a P.Z.Malin H. Stein 
245 0 |a Nelle Mie Mani 
260 |b Edizione Cde 
942 |2 ddc  |c BK 
952 |0 0  |1 0  |2 ddc  |4 0  |6 SCAFFALE_4_000000000000000__LETTERATURA  |7 0  |9 31148  |a ME  |b ME  |d 2026-02-11  |l 0  |o SCAFFALE 4 - LETTERATURA  |p R-326  |r 2026-02-11 23:52:21  |w 2026-02-11  |x [REVISIONARE]  |y BK 
999 |c 26810  |d 26810